000
00263nam a2200109Ia 4500
008
190216s9999||||xx |||||||||||||| ||und||
100
_a
Beacham R H S
245
0
_a
Commercial Accounting
260
_b
University Of London Press
_c
1964
300
_a
445p
942
_c
BK
999
_c
4429
_d
4429